00910ntm a22003137a 450000500170000000800410001704100140005808200180007210000160009010000230010610000220012924500770015126000280022830000190025665000150027565000140029065000240030465000180032865000230034665000300036965000270039965000250042665000260045165000320047765000310050965000190054065000230055965000140058220170208101558.0150724b xxu||||| |||| 00| 0 spa d aEspañol a617.692 B894p aBruna, Ezio aFabianelli, Andrea aPavolucci, Giulio aPrótesis implantar: ventajas, complicaciones y soluciones prácticas  aVenezuelabAMOLCAc2015 a176 páginas  aPRÓTESIS aIMPLANTES aTIPOS DE PLATAFORMA aPROVISIONALES aOSTEOINTEGRACIÓN aIMPRESIONES EN PRÓTESIS aPRÓTESIS ATORNILLADA aPRÓTESIS CEMENTADA aMUÑONES IMPLANTARES aUNIÓN DIENTES E IMPLANTES aTÉCNICAS DE PASIVACIÓN aSOBREDENTADURA aPRÓTESIS TORONTO aCEMENTADO